Normal view
MARC view
Entry Personal Name
001 - CONTROL NUMBER
- control field: 1236523
003 - CONTROL NUMBER IDENTIFIER
- control field: OSt
005 - DATE AND TIME OF LATEST TRANSACTION
- control field: 20260430150123.0
008 - FIXED-LENGTH DATA ELEMENTS
- fixed length control field: 260430|| aca||aabn | a|a d
040 ## - CATALOGING SOURCE
- Original cataloging agency: OSt
- Transcribing agency: OSt
100 ## - HEADING--PERSONAL NAME
- Personal name: University of Delhi. Faculty of Medical Sciences. Department of B.R. Ambedkar Center for Biomedical Resarch
670 ## - SOURCE DATA FOUND
- Source citation: Work cat.: (OSt)1848996: Arora Geetika Au.; Saluja Daman Gu. 1236522, Development and clinical validation of in vitro NAAT-based assays for diagnosis of infectious diseases, 2022
